00516nam a2200169Ia 4500008004100000020001500041050001000056050001500066100001800081245004400099245002000143260002500163260000900188300001600197999001900213952011400232160319s9999 xx 000 0 und d a9715980287 a398.6 bC227b 2008 aCanonigo, C.S aBook of local and foreign riddles??? /  cC. S. Canonigo. bSIBS Pub. House Inc. c2002 a105 pages : c292142d292142 001040aSSISBbSSISBcFILd2016-03-19l0oFil 398.6 C227b 2008pUS 1683r2016-03-19 00:00:00w2016-03-19yBK